Nivel de competencias fundamentales en estudiantes de primer ciclo de secundaria del distrito educativo 08-08 / (Record no. 13403)

MARC details
000 -CABECERA
campo de control de longitud fija 01644nmm a22003014i 4500
003 - IDENTIFICADOR DEL NÚMERO DE CONTROL
campo de control DO-SdISF
005 - FECHA Y HORA DE LA ÚLTIMA TRANSACCIÓN
campo de control 20250403115743.0
007 - CAMPO FIJO DE DESCRIPCIÓN FÍSICA--INFORMACIÓN GENERAL
campo de control de longitud fija ta
008 - DATOS DE LONGITUD FIJA--INFORMACIÓN GENERAL
campo de control de longitud fija 240209s2020 dr a|||fom|d| 001 0 spa d
040 ## - FUENTE DE LA CATALOGACIÓN
Centro catalogador/agencia de origen DO-SdISF
Lengua de catalogación spa
Normas de descripción rda
Centro/agencia transcriptor DO-SdISF
100 1# - ENTRADA PRINCIPAL--NOMBRE DE PERSONA
Nombre de persona Pacheco Ferreira, Luis Miguel
9 (RLIN) 31269
Término indicativo de función/relación autor
245 10 - MENCIÓN DE TÍTULO
Título Nivel de competencias fundamentales en estudiantes de primer ciclo de secundaria del distrito educativo 08-08 /
Mención de responsabilidad, etc. sustentado: Luís Miguel Pacheco Ferreira ; asesor: Mauricio Javier Prada Rozo
264 #1 - PRODUCCIÓN, PUBLICACIÓN, DISTRIBUCIÓN, FABRICACIÓN Y COPYRIGHT
Producción, publicación, distribución, fabricación y copyright Santo Domingo :
Nombre del de productor, editor, distribuidor, fabricante ISFODOSU,
Fecha de producción, publicación, distribución, fabricación o copyright 2020
300 ## - DESCRIPCIÓN FÍSICA
Extensión 1 recurso en línea (102 hojas) :
Otras características físicas ilustraciones
336 ## - TIPO DE CONTENIDO
Fuente rdacontent
Término de tipo de contenido texto
Código de tipo de contenido txt
337 ## - TIPO DE MEDIO
Fuente rdamedia
Nombre/término del tipo de medio computadora
Código del tipo de medio c
338 ## - TIPO DE SOPORTE
Fuente rdacarrier
Nombre/término del tipo de soporte recurso en línea
Código del tipo de soporte cr
347 ## - CARACTERÍSTICAS DEL ARCHIVO DIGITAL
Fuente rda
Tipo de archivo archivo de texto
Formato de codificación PDF
502 ## - NOTA DE TESIS
Nota de tesis Tesis para optar por el título de Maestría en Educación Física Integral - Instituto Superior de Formación Docente Salomé Ureña - ISFODOSU, Recinto EMH, 2020.<br/>
504 ## - NOTA DE BIBLIOGRAFÍA, ETC.
Nota de bibliografía, etc. Bibliografía en hoja 70
505 ## - NOTA DE CONTENIDO CON FORMATO
Nota de contenido con formato Introducción al problema de investigación 1 - Revisión de literatura 10 - Metodología 23 - Presentación de los resultados 33 - Interpretación de los resultados 65 - Referencias bibliografíca 70 - anexos 80
650 14 - PUNTO DE ACCESO ADICIONAL DE MATERIA--TÉRMINO DE MATERIA
Término de materia o nombre geográfico como elemento de entrada Educación física
Subdivisión geográfica República Dominicana
Fuente del encabezamiento o término armarc
9 (RLIN) 3852
650 17 - PUNTO DE ACCESO ADICIONAL DE MATERIA--TÉRMINO DE MATERIA
Término de materia o nombre geográfico como elemento de entrada Aptitudes
Subdivisión general Mediciones
Fuente del encabezamiento o término armarc
9 (RLIN) 25867
650 17 - PUNTO DE ACCESO ADICIONAL DE MATERIA--TÉRMINO DE MATERIA
Término de materia o nombre geográfico como elemento de entrada Educación secundaria
Fuente del encabezamiento o término armarc
9 (RLIN) 3888
700 1# - PUNTO DE ACCESO ADICIONAL--NOMBRE DE PERSONA
Nombre de persona Prada Rozo, Mauricio Javier
Término indicativo de función/relación asesor
9 (RLIN) 21318
856 ## - LOCALIZACIÓN Y ACCESO ELECTRÓNICOS
Texto de enlace Clic para ver Texto Completo
Identificador Uniforme del Recurso https://biblioteca.isfodosu.edu.do/cgi-bin/koha/opac-retrieve-file.pl?id=6da5f486d10254802c0562ea2ba48c04
942 ## - ELEMENTOS DE PUNTO DE ACCESO ADICIONAL (KOHA)
Fuente del sistema de clasificación o colocación
Tipo de ítem Koha
Holdings
Estado de retiro Estado de pérdida Fuente del sistema de clasificación o colocación Estado dañado No para préstamo Localización permanente Ubicación/localización actual Fecha de adquisición Total de préstamos Fecha visto por última vez Precio válido a partir de Tipo de ítem Koha
    Clasificación Decimal Dewey     Repositorio INERED Repositorio INERED 03/04/2025   03/04/2025 03/04/2025 Tesis digital

© 2024. Todos los Derechos Reservados. Desarrollado por IDEICE